000 00849nam a2200313 a 4500
003 AR-BaBNM
005 20251128203821.0
008 082120s2002 ||||||||||||||000 | spa||
040 _cAR-BaBNM
100 1 _aBandet, J.
245 0 0 _aHacia el aprendizaje de las matemáticas
250 _a1ª ed.
260 _aBuenos Aires
_bKapelusz
_c1969
300 _a198 p.
_bil.
490 0 _aPedagogía práctica
504 _aBibliografía p. 196-198
650 4 _aENSEÑANZA DE LAS MATEMATICAS
650 4 _aCALCULO
650 4 _aCONCEPTOS MATEMATICOS
650 4 _aCONCEPTOS NUMERICOS
650 4 _aJUEGOS EDUCATIVOS
650 4 _aACTIVIDADES DE APRENDIZAJE
650 4 _aTRABAJO EN EQUIPO
700 1 _aSarazanas, R.
700 1 _aAbbadie, Madeleine
700 1 _aUcha de Davie, Iris
_etraductor
942 _cBK
998 _cCarmen
999 _c5025
_d5025